00761nam a2200193Ia 4500003000200000005001700002008004100019050003100060100001800091245008300109260008500192300003300277504004100310650004700351650003700398650004200435650005600477650003400533020250116101508.0161205s9999 xx 000 0 und d aPHS DS 480.842b.P476 2015 aPeswani, Neel 4aThe effect of partition of India on the cultural group "Sindhis"cNeel Peswani aLas Piñas, Philippines :bSouthville International School and Colleges,c2015. aiii, 54 p. :bill. ;c28 cm. aIncludes bibliographical references. aPartition of India (1947)vSocial aspects. aCultural groupszIndiaxSindhis. aSindhi (South Asian people)vHistory. aSindhi (South Asian people)vCultural assimilation. aSouth AsiavEthnic relations.